000 00957nam a2200253Ia 4500
003 OSt
005 20221005105454.0
006 a|||||r|||| 00| 0
007 ta
008 221004b |||||||| |||| 00| 0 hin d
020 _a8188122173 (hbk)
_c180
024 _a100725
037 _b354, 02/03/2010, Swaraj Prakashan
_cTextual
040 _aCRL
_cCRL
_bhin
041 _2hin
_ahin
082 _aU8.4, 152J6;N6
100 _aसांकृत्यायन, राहुल
245 0 _aएशिया के दुर्गम भूखंडों में
246 _aEshiyā ke durgam bhūkhanḍoan mean
260 _aनई दिल्ली
_bभारतीय प्रकाशन संस्थान भारत
_c1996
300 _a212पृ0
_ccm.
942 _hU8.4, 152J6;N6
_cTEXL
_2cc
999 _c1015937
_d1015937